00989nam a2200241 i 4500001000700000003000900007005001700016007000300033008004100036080003600077080004700113245011600160260003000276300007300306490004600379500001500425600005200440700004000492830005400532852002100586999001900607952012100626136954ES-MaACL20260505130333.0t|070214s1963 fr afo r ||||1|bfre d a929 Saint-Exupéry, Antoine de a821.133.1 Saint-Exupéry, Antoine de 1.0600aSaint-Exupéry /c[les auteurs ayant collaboré à cet ouvrage sont, René Marill Albérès... (et al.)]. aParis :bHachette,c1963. a252 p., [20] p. de fot., [10] p. :bil., fot., lám. col. ;c25 cm.1 aCollection génies et réalités ;v17 aÍndices. 0aSaint-Exupéry, Antoine de,d1900-194492391691 aAlbérès, René Marill.91552580 aCollection génies et réalités ;v179220049 aES-MaACLjL-4066 c136954d136954 00104070aATENEOMbATENEOMcDEPO2d2008-01-17eSCl0oL-4066p1142524r2023-02-23 00:00:00w2023-02-23yMONOGRAFIA